<?xml version="1.0" encoding="UTF-8"?>
<record
    xmlns:xsi="http://www.w3.org/2001/XMLSchema-instance"
    xsi:schemaLocation="http://www.loc.gov/MARC21/slim http://www.loc.gov/standards/marcxml/schema/MARC21slim.xsd"
    xmlns="http://www.loc.gov/MARC21/slim">

  <leader>00855nam a2200241 a 4500</leader>
  <controlfield tag="001">19667</controlfield>
  <controlfield tag="003">BD-RjUL</controlfield>
  <controlfield tag="005">20211209000448.0</controlfield>
  <controlfield tag="008">140225s1968    enkaef   b    001 0 eng  </controlfield>
  <datafield tag="035" ind1=" " ind2=" ">
    <subfield code="a">(BD-RjUL)19727</subfield>
    <subfield code="a">(OCoLC)230173515</subfield>
  </datafield>
  <datafield tag="040" ind1=" " ind2=" ">
    <subfield code="a">DLC</subfield>
    <subfield code="c">DLC</subfield>
    <subfield code="d">m.c</subfield>
    <subfield code="d">OCL</subfield>
    <subfield code="d">BD-RjUL</subfield>
    <subfield code="b">eng</subfield>
  </datafield>
  <datafield tag="041" ind1=" " ind2=" ">
    <subfield code="a">eng</subfield>
  </datafield>
  <datafield tag="082" ind1="0" ind2="0">
    <subfield code="a">822.33</subfield>
    <subfield code="b">DIW 1968</subfield>
  </datafield>
  <datafield tag="100" ind1="1" ind2=" ">
    <subfield code="a">Dixon, Peter,</subfield>
    <subfield code="d">1932-</subfield>
    <subfield code="9">60437</subfield>
  </datafield>
  <datafield tag="245" ind1="1" ind2="4">
    <subfield code="a">The world of Pope's satires :</subfield>
    <subfield code="b">an introduction to the Epistles and Imitations of Horace /</subfield>
    <subfield code="c">Peter Dixon.</subfield>
  </datafield>
  <datafield tag="260" ind1=" " ind2=" ">
    <subfield code="a">London :</subfield>
    <subfield code="b">Methuen,</subfield>
    <subfield code="c">1968.</subfield>
  </datafield>
  <datafield tag="300" ind1=" " ind2=" ">
    <subfield code="a">xiv, 218 p., iii leaves of plates :</subfield>
    <subfield code="b">ill., plans ;</subfield>
    <subfield code="c">23 cm.</subfield>
  </datafield>
  <datafield tag="500" ind1=" " ind2=" ">
    <subfield code="a">Distributed in the U.S.A. by Barnes and Noble.</subfield>
  </datafield>
  <datafield tag="504" ind1=" " ind2=" ">
    <subfield code="a">Bibliography: p. xiii-xiv. and index.</subfield>
  </datafield>
  <datafield tag="600" ind1="1" ind2="0">
    <subfield code="a">Pope, Alexander,</subfield>
    <subfield code="d">1688-1744</subfield>
    <subfield code="x">Criticism and interpretation.</subfield>
    <subfield code="9">55318</subfield>
  </datafield>
  <datafield tag="942" ind1=" " ind2=" ">
    <subfield code="2">ddc</subfield>
    <subfield code="c">BK</subfield>
  </datafield>
  <datafield tag="999" ind1=" " ind2=" ">
    <subfield code="c">19667</subfield>
    <subfield code="d">19667</subfield>
  </datafield>
  <datafield tag="952" ind1=" " ind2=" ">
    <subfield code="0">0</subfield>
    <subfield code="1">0</subfield>
    <subfield code="2">ddc</subfield>
    <subfield code="4">0</subfield>
    <subfield code="7">1</subfield>
    <subfield code="8">FIC</subfield>
    <subfield code="a">RUCL</subfield>
    <subfield code="b">RUCL</subfield>
    <subfield code="c">Reading</subfield>
    <subfield code="d">1972-10-05</subfield>
    <subfield code="e">Provincial book depot.</subfield>
    <subfield code="g">46.20</subfield>
    <subfield code="l">0</subfield>
    <subfield code="o">822.33 DIW 1968</subfield>
    <subfield code="r">2014-02-25 00:00:00</subfield>
    <subfield code="t">C-1</subfield>
    <subfield code="w">2014-02-25</subfield>
    <subfield code="y">BK</subfield>
  </datafield>
</record>
